000
00205nam a22000857a 4500
999
_c
10593
_d
10593
008
190221b ||||| |||| 00| 0 eng d
020
_a
9780544022744
100
_a
Davies, Jacqueline
245
_a
The Bell Bandit